000 00325nam a2200109Ia 4500
008 171204s9999 xx 000 0 und d
245 _aAnalytical Modeling Research in Fashion Business:
245 _cTsan-Ming Choi
260 _c2016
650 _xBUSINESS RESEARCH
856 _uhttp://down.ebook777.com/049/9789811010125.pdf
999 _c346947
_d346947